000 00690nam a2200253Ia 4500
003 OSt
005 20221005090447.0
006 a|||||r|||| 00| 0
007 ta
008 221004b |||||||| |||| 00| 0 eng d
024 _a28250
037 _cTextual
040 _aCRL
_cCRL
_beng
041 _2eng
_aeng
082 _aD65,8(B)3, M4
100 _aRooney Victor M
_9495745
245 0 _aMicroprocessors and microcomputers
260 _aNew York
_bMacmillan USA
_c1984
300 _a468p
_ccm.
650 _aENGINEERING
700 _a Ismail Amin R
_9495746
942 _hD65,8(B)3, M4
_cTEXL
_2cc
999 _c995815
_d995815